Statistics for Countries with Shortest Coastline

Click here to take the quiz!

General Stats

  • This quiz has been taken 276 times
  • The average score is 9 of 15

Answer Stats

Continent Km of Coastline Country % Correct
Europe4.1Monaco
95%
Europe20Bosnia and Herzegovina
74%
Oceania30Nauru
73%
Europe46.6Slovenia
70%
Africa80Gambia
68%
Oceania24Tuvalu
67%
Africa56Togo
63%
Africa121Benin
58%
Europe66.5Belgium
57%
North America85.7Saint Vincent and the Grenadines
53%
North America97Barbados
51%
Europe90Lithuania
49%
Africa34Democratic Republic of the Congo
49%
Asia26Jordan
48%
Asia58Iraq
35%

Score Distribution

Percentile by Number Answered

Percent of People with Each Score

Your Score History

You have not taken this quiz